Statistics for Lana del rey - Living Legend

Click here to take the quiz!

General Stats

  • This quiz has been taken 25 times
  • The average score is 198 of 236

Answer Stats

Answer% Correct
Bayou
100%
Sin-e
100%
a
95%
baby
95%
I
95%
legend
95%
livin'
95%
my
95%
My
95%
the
95%
you
95%
You
95%
All
89%
And
89%
and
89%
are
89%
In
89%
in
89%
living
89%
me
89%
thing
89%
to
89%
too
89%
you're
89%
be
84%
but
84%
But
84%
do
84%
heaven
84%
I'm
84%
move
84%
never
84%
of
84%
on
84%
really
84%
said
84%
Send
84%
straight
84%
that
84%
things
84%
ways
84%
will
84%
about
79%
edge
79%
hell
79%
just
79%
tired
79%
was
79%
What
79%
why
79%
As
74%
bad
74%
between
74%
Blackbirds
74%
got
74%
guns
74%
Guns
74%
horses
74%
Is
74%
it
74%
key
74%
Right
74%
same
74%
sing
74%
summertime
74%
bought
68%
cared
68%
don't
68%
dream
68%
knew
68%
know
68%
knows
68%
like
68%
meant
68%
name
68%
she
68%
Brooklyn
63%
darlin'
63%
Hipsters
63%
monsoon
63%
moved
63%
or
63%
play
63%
Sent
63%
shoes
63%
songs
63%
'Bout
58%
defy
58%
sweet
58%
those
58%
back
53%
Jane
53%
them
53%
unwell
53%

Score Distribution

Percentile by Number Answered

Percent of People with Each Score

Your Score History

You have not taken this quiz